000
00214 a2200097 4500
001
13362
100
_a
Hudson, G.F
245
_a
Far eastern affairs
260
_a
London
_b
Chatto windus ltd
_c
090
_c
10378
_d
10378
942
_a
NUST-CAE
_c
M
_c
423
999
_c
248435
_d
248435